Healing for damaged emotions / (Record no. 3499)

MARC details
000 -LEADER
fixed length control field 00818nam a2200289Ia 4500
001 - CONTROL NUMBER
control field 11532
003 - CONTROL NUMBER IDENTIFIER
control field GBCCL
005 - DATE AND TIME OF LATEST TRANSACTION
control field 20241126110456.0
008 - FIXED-LENGTH DATA ELEMENTS--GENERAL INFORMATION
fixed length control field 811112s1981 ilu 00010 eng d
010 ## -
-- 80054723
020 ## - INTERNATIONAL STANDARD BOOK NUMBER
International Standard Book Number 0882072285
035 ## - SYSTEM CONTROL NUMBER
System control number OCM07934194
040 ## - CATALOGING SOURCE
Original cataloging agency KAT
Transcribing agency KAT
Modifying agency m/c
-- LBB
049 ## -
-- LBBK
082 ## - DEWEY DECIMAL CLASSIFICATION NUMBER
Classification number 253.52
Item number SEA
090 ## - LOCALLY ASSIGNED LC-TYPE CALL NUMBER (OCLC); LOCAL CALL NUMBER (RLIN)
Classification number (OCLC) (R) ; Classification number, CALL (RLIN) (NR) BS680.E4
Local cutter number (OCLC) ; Book number/undivided call number, CALL (RLIN) S43
092 ## - LOCALLY ASSIGNED DEWEY CALL NUMBER (OCLC)
Classification number 152.4
Item number S438
100 10 - MAIN ENTRY--PERSONAL NAME
Personal name Seamands, David A.
9 (RLIN) 7043
245 10 - TITLE STATEMENT
Title Healing for damaged emotions /
Statement of responsibility, etc. David A. Seamands.
260 0# - PUBLICATION, DISTRIBUTION, ETC.
Place of publication, distribution, etc. Wheaton, Ill. :
Name of publisher, distributor, etc. Victor Books,
Date of publication, distribution, etc. c1981.
300 ## - PHYSICAL DESCRIPTION
Extent 144 p. ;
Dimensions 21 cm.
500 ## - GENERAL NOTE
General note "A Victor adult elective/13 sessions"--Cover 4.
650 #0 - SUBJECT ADDED ENTRY--TOPICAL TERM
Topical term or geographic name entry element Emotions
General subdivision Biblical teaching.
9 (RLIN) 7044
650 #0 - SUBJECT ADDED ENTRY--TOPICAL TERM
Topical term or geographic name entry element Depression, Mental.
9 (RLIN) 7045
650 #0 - SUBJECT ADDED ENTRY--TOPICAL TERM
Topical term or geographic name entry element Pastoral psychology.
9 (RLIN) 176
942 ## - ADDED ENTRY ELEMENTS (KOHA)
Source of classification or shelving scheme Dewey Decimal Classification
Koha item type Books
Koha issues (borrowed), all copies 8
Holdings
Withdrawn status Lost status Source of classification or shelving scheme Damaged status Not for loan Home library Current Library Shelving location Date acquired Total checkouts Full call number Barcode Date last seen Date last checked out Copy number Price effective from Koha item type
    Dewey Decimal Classification     GRACE BIBLE COLLEGE GRACE BIBLE COLLEGE Ministry & Mission 2017-11-28 8 253.52 SEA 009242 2025-05-01 2023-02-17 c.1 2017-11-28 Books
    Dewey Decimal Classification     GRACE BIBLE COLLEGE GRACE BIBLE COLLEGE Ministry & Mission 2023-12-12   253.52 SEA 020681 2025-05-01   c.2 2023-12-12 Books
© Grace Bible College Library 2025